2023 NFL Draft Round 1 Picks - Statistics

General Stats
  • This quiz has been taken 5,278 times
  • The average score is 16 of 31
Answer Stats
Pick Player Team % Correct
1 Bryce Young Carolina Panthers
99%
2 C. J. Stroud Houston Texans
99%
4 Anthony Richardson Indianapolis Colts
91%
3 Will Anderson Jr. Houston Texans
90%
5 Devon Witherspoon Seattle Seahawks
74%
8 Bijan Robinson Atlanta Falcons
71%
9 Jalen Carter Philadelphia Eagles
68%
12 Jahmyr Gibbs Detroit Lions
67%
26 Mazi Smith Dallas Cowboys
64%
30 Nolan Smith Philadelphia Eagles
64%
6 Paris Johnson Jr. Arizona Cardinals
62%
20 Jaxon Smith-Njigba Seattle Seahawks
57%
22 Zay Flowers Baltimore Ravens
56%
23 Jordan Addison Minnesota Vikings
54%
17 Christian Gonzalez New England Patriots
51%
7 Tyree Wilson Las Vegas Raiders
51%
21 Quentin Johnston Los Angeles Chargers
49%
18 Jack Campbell Detroit Lions
46%
14 Broderick Jones Pittsburgh Steelers
42%
13 Lukas Van Ness Green Bay Packers
42%
10 Darnell Wright Chicago Bears
39%
16 Emmanuel Forbes Washington Commanders
38%
11 Peter Skoronski Tennessee Titans
38%
25 Dalton Kincaid Buffalo Bills
36%
15 Will McDonald New York Jets
33%
24 Deonte Banks New York Giants
31%
28 Myles Murphy Cincinnati Bengals
26%
19 Calijah Kancey Tampa Bay Buccaneers
25%
29 Bryan Bresee New Orleans Saints
24%
27 Anton Harrison Jacksonville Jaguars
23%
31 Felix Anudike-Uzomah Kansas City Chiefs
23%
No matching quizzes found
Score Distribution
Percent of People with Each Score
Percentile by Number Answered
Your Score History
You have not taken this quiz